| 000 | 00618nam a2200217Ia 4500 | ||
|---|---|---|---|
| 003 | OSt | ||
| 005 | 20230503110657.0 | ||
| 008 | 210423s2019 xx 000 0 und d | ||
| 020 | _a978-0-19-949646-3 | ||
| 040 | _cAL | ||
| 041 | _aeng | ||
| 082 |
_a338.954 _223 _bGOYC |
||
| 100 |
_aGOYAl (Ashima) _996719 |
||
| 245 | _aConcise handbook of the Indian economy in the 21st century | ||
| 260 |
_aNew Delhi _bOxford University Press _c2019 |
||
| 300 |
_axx,444 _bPB |
||
| 365 |
_b699 _cINR |
||
| 650 |
_aIndian Economy _996720 |
||
| 906 | _a21st ; century ; Concise ; economy ; handbook ; Indian | ||
| 942 |
_2ddc _cBK |
||
| 999 |
_c170849 _d170849 |
||